Chefs d'État des pays du G7 - Statistiques

Statistiques générales
  • Ce quiz a été pris 41 fois
  • Le résultat moyen est 23 sur 91
Statistiques - réponses
Hint Réponse % Correct
France 2017, 2018, 2019, 2021, 2022, 2023, 2024 Emmanuel Macron
94%
Allemagne 2006, 2007, 2008, 2009, 2010, 2011, 2012, 2013, 2014, 2015, 2016, 2017, 2018, 2019, 2021 Angela Merkel
88%
France 1981, 1982, 1983, 1984, 1985, 1986, 1987, 1988, 1989, 1990, 1991, 1992, 1993, 1994 François Mitterand
88%
France 1995, 1996, 1997, 1998, 1999, 2000, 2001, 2002, 2003, 2004, 2005, 2006 Jacques Chirac
88%
France 2012, 2013, 2014, 2015, 2016 François Hollande
85%
France 2007, 2008, 2009, 2010, 2011 Nicolas Sarkozy
85%
États-Unis 2009, 2010, 2011, 2012, 2013, 2014, 2015, 2016 Barack Obama
82%
États-Unis 2017, 2018, 2019 Donald Trump
79%
Canada 2016, 2017, 2018, 2019, 2021, 2022, 2023, 2024 Justin Trudeau
79%
Canada 1976, 1977, 1978, 1980, 1981, 1982, 1983, 1984 Pierre Trudeau
79%
États-Unis 1989, 1990, 1991, 1992 George H Bush
76%
États-Unis 2001, 2002, 2003, 2004, 2005, 2006, 2007, 2008 George W Bush
76%
Russie 2000, 2001, 2002, 2003, 2004, 2005, 2006, 2007, 2013 Vladimir Poutine
73%
Royaume-Uni 1979, 1980, 1981, 1982, 1983, 1984, 1985, 1986, 1987, 1988, 1989, 1990 Margaret Thatcher
70%
Union européenne 2021, 2022, 2023, 2024 Ursula von der Leyen
67%
États-Unis 1993, 1994, 1995, 1996, 1997, 1998, 1999, 2000 Bill Clinton
64%
États-Unis 2021, 2022, 2023, 2024 Joe Biden
64%
Royaume-Uni 2019, 2021, 2022 Boris Johnson
61%
France 1975, 1976, 1977, 1978, 1979, 1980 Valéry Giscard d'Estaing
61%
Italie 2023, 2024 Giorgia Meloni
55%
États-Unis 1981, 1982, 1983, 1984, 1985, 1986, 1987, 1988 Ronald Reagan
55%
Royaume-Uni 2010, 2011, 2012, 2013, 2014, 2015, 2016 David Cameron
52%
Royaume-Uni 1997, 1998, 1999, 2000, 2001, 2002, 2003, 2004, 2005, 2006, 2007 Tony Blair
45%
États-Unis 1977, 1978, 1979, 1980 Jimmy Carter
42%
Allemagne 2022, 2023, 2024 Olaf Scholz
42%
Royaume-Uni 2023, 2024 Rishi Sunak
42%
Italie 1994, 2001, 2002, 2003, 2004, 2008, 2009, 2010, 2011 Silvio Berlusconi
42%
Royaume-Uni 2017, 2018 Theresa May
42%
Russie 2008, 2009, 2010, 2011, 2012 Dmitri Medvedev
36%
Japon 2007, 2013, 2014, 2015, 2016, 2017, 2018, 2019 Shinzo Abe
36%
Allemagne 1983, 1984, 1985, 1986, 1987, 1988, 1989, 1990, 1991, 1992, 1993, 1994, 1995, 1996, 1997, 1998 Helmut Kohl
33%
États-Unis 1975, 1976 Gerald Ford
30%
Allemagne 1999, 2000, 2001, 2002, 2003, 2004, 2005 Gerhard Schroder
27%
Royaume-Uni 1991, 1992, 1993, 1994, 1995, 1996 John Major
27%
Royaume-Uni 2008, 2009 Gordon Brown
21%
Union européenne 1985, 1986, 1987, 1988, 1989, 1990, 1991, 1992, 1993, 1994 Jacques Delors
21%
Italie 2021, 2022 Mario Draghi
21%
Russie 1997, 1998, 1999 Boris Eltsine
18%
Japon 2022, 2023, 2024 Fumio Kishida
18%
Allemagne 1975, 1976, 1977, 1978, 1979, 1980, 1981, 1982 Helmut Schmidt
12%
Union européenne 2015, 2016, 2017, 2018, 2019 Jean-Claude Juncker
12%
Union européenne 2005, 2006, 2007, 2008, 2009, 2010, 2011, 2012, 2013, 2014 José Manuel Baroso
12%
Italie 2014, 2015, 2016 Matteo Renzi
12%
Italie / UE Italie : 1996, 1997, 1998, 2006, 2007 / UE : 2001 , 2002, 2003, 2004 Romano Prodi
12%
Italie 2013 Enrico Letta
9%
Canada 2006, 2007, 2008, 2009, 2010, 2011, 2012, 2013, 2014, 2015 Stephen Harper
9%
Italie 1992 Giuliano Amato
6%
Italie 2018, 2019 Giuseppe Conte
6%
Italie 2017 Paolo Gentiloni
6%
Japon 2021 Yoshihide Suga
6%
Canada 1985, 1986, 1987, 1988, 1989, 1990, 1991, 1992 Brian Mulroney
3%
Italie 1988, 1989 Ciriaco de Mita
3%
Royaume-Uni 1975 Harold Wilson
3%
Union européenne 1995, 1996, 1997, 1998, 1999, 2000 Jacques Santer
3%
Royaume-Uni 1976, 1977, 1978 James Callaghan
3%
Canada 1994, 1995, 1996, 1997, 1998, 1999, 2000, 2001, 2002, 2003 Jean Chrétien
3%
Canada 1993 Kim Campbell
3%
Italie 1995 Lamberto Dini
3%
Italie 2012 Mario Monti
3%
Italie 1999, 2000 Massimo d'Alema
3%
Japon 2009 Taro Aso
3%
Italie 1975, 1976 Aldo Moro
0%
Italie 1983, 1987 Amintore Fanfani
0%
Italie 1984, 1985, 1986 Bettino Craxi
0%
Italie 1993 Carlo Azeglio Ciampi
0%
Italie 1980 Francesco Cossiga
0%
Union européenne 1981, 1982, 1983, 1984 Gaston Thorn
0%
Italie 1981, 1982 Giovanni Spadolini
0%
Italie 1977, 1978, 1979, 1990, 1991 Giulio Andreotti
0%
Canada 1979 Joe Clark
0%
Japon 2001, 2002, 2003, 2004, 2005, 2006 Junichiro Koizumi
0%
Japon 1999 Keizo Obuchi
0%
Japon 1979 Masayoshi Ohira
0%
Japon 1992, 1993 Miyazawa Chichiv
0%
Japon 2010, 2011 Naoto Kan
0%
Japon 1988 Noboru Takeshita
0%
Canada 2004, 2005 Paul Martin
0%
Union européenne 1977, 1978, 1979, 1980 Roy Jenkins
0%
Japon 1996, 1997, 1998 Ryutaro Hashimoto
0%
Japon 1980 Saburo Okita
0%
Japon 1989 Sosuke Uno
0%
Japon 1977, 1978 Takeo Fukuda
0%
Japon 1975, 1976 Takeo Miki
0%
Japon 1994, 1995 Tomiichi Murayama
0%
Japon 1990, 1991 Toshiki Kaifu
0%
Japon 1984, 1985, 1986, 1987 Yasuhiro Nakasone
0%
Japon 1983, 1984 Yasuhiro Nakasone
0%
Japon 2008 Yasuo Fukuda
0%
Japon 2012 Yoshihiko Noda
0%
Japon 2000 Yoshiro Mori
0%
Japon 1981, 1982 Zenko Suzuki
0%
Aucun quiz correspondant
Distribution des résultats
% des personnes avec chaque résultat
Percentile par nombre de réponses
Votre historique - résultats
Vous n’avez pas pris ce quiz